[Event "30. Augsburger Friedensfest-Open"]
[Site "Augsburg"]
[Date "2025.08.07"]
[Round "1.40"]
[White "Waibel, Manuel"]
[Black "Fridlin, Daniel"]
[Result "1-0"]
[WhiteElo "1891"]
[BlackElo "1770"]
[EventDate "2025.08.07"]
[Time "09:30:00"]
[WhiteNrv "1891"]
[BlackNrv "1770"]
[WhiteTwz "1891"]
[BlackTwz "1770"]
[WhiteFideId "34608060"]
[BlackFideId "34602763"]
[WhiteNatFedId "10768978"]
[BlackNatFedId "10723898"]
[WhiteAttr "M"]
[BlackAttr "M"]
[WhiteTeam "Schachges. Augsburg 1873"]
[BlackTeam "SC Noris-Tarrasch Nuernberg 1873"]

1.e4 c5 2.Nf3 d6 3.d4 cxd4 4.Nxd4 Nf6 5.Nc3 a6 6.h3 e5 7.Nf3 Be7 8.g4 h6 
9.Rg1 Nbd7 10.g5 hxg5 11.Nxg5 Nc5 12.Be3 Qc7 13.Qf3 Be6 14.Bxc5 Qxc5 15.
Nxe6 fxe6 16.Rxg7 d5 17.exd5 exd5 18.O-O-O e4 19.Qf5 Rf8 20.Nxd5 Rc8 21.
Qg6+ Kd8 22.Nxe7+ 1-0

[Event "30. Augsburger Friedensfest-Open"]
[Site "Augsburg"]
[Date "2025.08.07"]
[Round "1.41"]
[White "Laag, Pascal Benedikt"]
[Black "Reschka, Hans"]
[Result "0-1"]
[WhiteElo "1760"]
[BlackElo "1886"]
[EventDate "2025.08.07"]
[Time "09:30:00"]
[WhiteNrv "1760"]
[BlackNrv "1886"]
[WhiteTwz "1760"]
[BlackTwz "1886"]
[WhiteFideId "16256069"]
[BlackFideId "34638148"]
[WhiteNatFedId "10591865"]
[BlackNatFedId "10828393"]
[WhiteAttr "*"]
[BlackAttr "M"]
[WhiteTeam "SK Zweibruecken"]
[BlackTeam "SK Kriegshaber"]

1.d4 d5 2.Nf3 c5 3.c3 e6 4.Bf4 Nf6 5.h4 Bd6 6.e3 Nc6 7.Nbd2 Bxf4 8.exf4 
cxd4 9.cxd4 Qd6 10.g3 Qb4 11.Qb3 Qxb3 12.Nxb3 a5 13.Bb5 Bd7 14.Nc5 Ke7 15.
Rc1 Rhc8 16.O-O Nd8 17.Nxd7 Nxd7 18.a4 Nb6 19.b3 Rxc1 20.Rxc1 Rc8 21.Rxc8 
Nxc8 22.Bd3 h6 23.f5 Nc6 24.fxe6 Kxe6 25.h5 Nd6 26.Kf1 Nf5 27.Bxf5+ Kxf5 
28.Ke2 Ke4 29.Nd2+ Kxd4 30.Nf1 Kc3 31.Ne3 d4 32.Nf5 Kc2 33.Ke1 d3 34.Ne3+ 
Kc1 35.Nc4 Nd4 0-1

[Event "30. Augsburger Friedensfest-Open"]
[Site "Augsburg"]
[Date "2025.08.07"]
[Round "1.42"]
[White "Timm, Jasper"]
[Black "Turba, Raffael"]
[Result "1-0"]
[WhiteElo "1886"]
[BlackElo "1752"]
[EventDate "2025.08.07"]
[Time "09:30:00"]
[WhiteNrv "1886"]
[BlackNrv "1752"]
[WhiteTwz "1886"]
[BlackTwz "1752"]
[WhiteFideId "34614613"]
[BlackFideId "34612980"]
[WhiteNatFedId "10762306"]
[BlackNatFedId "10740124"]
[WhiteAttr "M"]
[BlackAttr "*"]
[WhiteTeam "SK Graefelfing"]
[BlackTeam "SK 1926 Noerdlingen-Ries"]

1.d4 d5 2.Nf3 Nf6 3.g3 Bf5 4.Bg2 e6 5.O-O Bd6 6.c4 c6 7.Nc3 Nbd7 8.Nd2 Bc7
9.Qb3 Rb8 10.e4 dxe4 11.Ndxe4 Nxe4 12.Nxe4 O-O 13.Bg5 f6 14.Be3 Bxe4 15.
Bxe4 f5 16.Bc2 f4 17.Bd2 Nf6 18.Rae1 Qd7 19.Qd3 Rbd8 20.Bc3 e5 21.dxe5 
Qxd3 22.Bxd3 Rxd3 23.exf6 gxf6 24.gxf4 Bxf4 25.Re7 Rf7 26.Rfe1 Be5 27.Re8+
Rf8 28.Rxf8+ Kxf8 29.Bxe5 fxe5 30.Rxe5 Rd2 31.Ra5 a6 32.b3 Rb2 33.Kg2 Kg7 
34.Kg3 Kg6 35.h4 Rd2 36.f3 Kf6 37.Ra4 Rc2 38.Rb4 b5 39.cxb5 axb5 40.a4 
bxa4 41.bxa4 c5 42.Rb7 Rc4 43.Rxh7 Rxa4 44.Rc7 Rc4 45.Rc6+ Kg7 46.f4 Rc1 
47.Kg4 c4 48.Kg5 Rg1+ 49.Kf5 Rc1 50.Rc7+ Kg8 51.Kg6 Rg1+ 52.Kf5 Rh1 53.
Rxc4 Rxh4 54.Kg6 Rg4+ 55.Kf6 Rg1 56.f5 Ra1 57.Rc6 Rb1 58.Ra6 Rc1 59.Ra8+ 
Kh7 60.Re8 Ra1 61.Kf7 Rb1 62.f6 Rb6 63.Rd8 Rb7+ 64.Ke6 Kg6 65.Rg8+ Kh7 66.
f7 Rb6+ 67.Kd5 Ra6 68.f8=Q Rd6+ 69.Qxd6 1-0

[Event "30. Augsburger Friedensfest-Open"]
[Site "Augsburg"]
[Date "2025.08.07"]
[Round "1.43"]
[White "Oezkurt, Kaan"]
[Black "Nagy, Peter"]
[Result "0-1"]
[WhiteElo "1751"]
[BlackElo "1878"]
[EventDate "2025.08.07"]
[Time "09:30:00"]
[WhiteNrv "1751"]
[BlackNrv "1878"]
[WhiteTwz "1751"]
[BlackTwz "1878"]
[WhiteFideId "34655182"]
[BlackFideId "34629211"]
[WhiteNatFedId "10722110"]
[BlackNatFedId "10793259"]
[WhiteAttr "M"]
[BlackAttr "M"]
[WhiteTeam "SK Freising"]
[BlackTeam "Rosenheimer-SV in der"]

1.e4 c5 2.c3 Nf6 3.e5 Nd5 4.d4 cxd4 5.Nf3 Nc6 6.cxd4 d6 7.Bc4 Nb6 8.Bb5 a6
9.Bxc6+ bxc6 10.Qc2 Qc7 11.O-O d5 12.Re1 e6 13.Be3 Nc4 14.Nbd2 Nxd2 15.
Bxd2 a5 16.Rac1 Bd7 17.Re3 Rb8 18.Rb3 Ra8 19.Re3 Be7 20.Ne1 Rb8 21.Rg3 Kf8
22.Nd3 Qb6 23.Be3 Qb5 24.Qd1 h6 25.Qg4 g6 26.Rf3 Kg7 27.h4 Kg8 28.Nf4 Rh7 
29.b3 Kh8 30.Nh3 Rg8 31.Kh2 Qb8 32.Rh1 f5 33.Qg3 Qd8 34.Bg5 hxg5 35.hxg5 
Bxg5 36.Kg1 Bh4 37.Qf4 g5 38.Qe3 g4 39.Rxf5 exf5 40.e6 gxh3 41.Rxh3 Be8 
42.Qe5+ Qf6 43.Qh2 Qxe6 44.g3 Qe4 45.Kf1 Bh5 46.Rxh4 Qd3+ 47.Kg1 Qd1+ 48.
Kg2 Bf3+ 49.Kh3 Rxh4+ 50.Kxh4 Qh1 0-1

[Event "30. Augsburger Friedensfest-Open"]
[Site "Augsburg"]
[Date "2025.08.07"]
[Round "1.44"]
[White "Schrauder, Ulrich"]
[Black "Stempfle, Tobias"]
[Result "1/2-1/2"]
[WhiteElo "1876"]
[BlackElo "1746"]
[EventDate "2025.08.07"]
[Time "09:30:00"]
[WhiteNrv "1876"]
[BlackNrv "1746"]
[WhiteTwz "1876"]
[BlackTwz "1746"]
[WhiteFideId "16266749"]
[BlackFideId "24698482"]
[WhiteNatFedId "10198572"]
[BlackNatFedId "10215172"]
[WhiteAttr "M"]
[BlackAttr "M"]
[WhiteTeam "TSV Mindelheim"]
[BlackTeam "SC Garching 1980 e.V."]

1.d4 Nf6 2.Bg5 c5 3.d5 Ne4 4.Bf4 Qb6 5.Bc1 c4 6.e3 Qa5+ 7.c3 b5 8.Qd4 Nf6 
9.e4 d6 10.Be2 g6 11.Bg5 Bg7 12.f4 h6 13.Bh4 Nh5 14.Qe3 Nf6 15.Bxf6 exf6 
16.Nf3 Nd7 17.O-O O-O 18.Nbd2 Re8 19.a4 Nb6 20.axb5 Qxb5 21.Qd4 Qc5 22.
Qxc5 dxc5 23.Rfe1 f5 24.exf5 Bxf5 25.Bxc4 Rxe1+ 26.Rxe1 Rd8 27.Re7 Nxc4 
28.Nxc4 Rxd5 29.Rxa7 Be6 30.Ne3 Rd8 31.Rb7 Rd3 32.Kf2 Rd8 33.Ke2 Ra8 34.
Kd2 Bf8 35.Kc2 Ra2 36.g4 f5 37.gxf5 gxf5 38.Rb6 Bd7 39.Ne5 Ra7 40.Nd5 Kh8 
41.Ng6+ Kg7 42.Nxf8 Kxf8 43.Rxh6 Ba4+ 44.b3 Bd7 45.c4 Kg7 46.Rh3 Ra2+ 47.
Kc3 Rf2 48.Re3 Bc6 49.h3 Kf7 50.b4 Bxd5 51.cxd5 cxb4+ 52.Kxb4 Rxf4+ 53.Kc3
Rf1 54.d6 Rd1 1/2-1/2

[Event "30. Augsburger Friedensfest-Open"]
[Site "Augsburg"]
[Date "2025.08.07"]
[Round "1.45"]
[White "Mohm, Marvin"]
[Black "Rempel, Alexander"]
[Result "1/2-1/2"]
[WhiteElo "1739"]
[BlackElo "1874"]
[EventDate "2025.08.07"]
[Time "09:30:00"]
[WhiteNrv "1739"]
[BlackNrv "1874"]
[WhiteTwz "1739"]
[BlackTwz "1874"]
[WhiteFideId "34659943"]
[BlackFideId "34618600"]
[WhiteNatFedId "10404202"]
[BlackNatFedId "10586418"]
[WhiteAttr "M"]
[BlackAttr "M"]
[WhiteTeam "SK Koenigsbrunn"]
[BlackTeam "SF Augsburg"]

1.e4 e5 2.Nc3 Nf6 3.f4 d5 4.fxe5 Nxe4 5.Qf3 Nxc3 6.bxc3 Be7 7.d4 c5 8.Bd3 
Nc6 9.Ne2 O-O 10.O-O Be6 11.Nf4 g6 12.Be3 Qd7 13.Qg3 Kh8 14.Rab1 cxd4 15.
cxd4 Nb4 16.Nxe6 fxe6 17.Bh6 Rxf1+ 18.Rxf1 Nxd3 19.Qxd3 Qe8 20.Qh3 Qg8 21.
Qf3 Re8 22.Qb3 b6 23.Qa4 g5 24.Qd7 Qg6 25.a4 a6 26.Rf2 b5 27.axb5 axb5 28.
Rf1 b4 29.h3 g4 30.hxg4 Bh4 31.Qxe8+ Qxe8 32.Rf8+ Qxf8 33.Bxf8 Be1 34.Kf1 
Bc3 35.Bc5 Kg7 36.Ke2 Kg6 37.Kf3 Kf7 38.Ke2 Ke8 39.Kf3 Kd7 40.g5 Kc6 41.
Kg4 Kb5 42.Kh5 Kc4 43.Kh6 Bd2 44.Kxh7 Bxg5 45.Kg6 Be3 46.Kf6 Bxd4 47.Bxd4 
Kxd4 48.g4 Kc3 49.g5 Kxc2 50.g6 b3 51.g7 b2 52.g8=Q b1=Q 53.Qg6+ 1/2-1/2

[Event "30. Augsburger Friedensfest-Open"]
[Site "Augsburg"]
[Date "2025.08.07"]
[Round "1.46"]
[White "Kurka, Christopher-Ulrich"]
[Black "Holuba, Stefan"]
[Result "1-0"]
[WhiteElo "1870"]
[BlackElo "1736"]
[EventDate "2025.08.07"]
[Time "09:30:00"]
[WhiteNrv "1870"]
[BlackNrv "1736"]
[WhiteTwz "1870"]
[BlackTwz "1736"]
[WhiteFideId "16256328"]
[BlackFideId "34667520"]
[WhiteNatFedId "10121751"]
[BlackNatFedId "10088445"]
[WhiteAttr "M"]
[BlackAttr "M"]
[WhiteTeam "Duesseldorfer SK 14/25 e."]
[BlackTeam "SK Caissa Augsburg"]

1.d4 Nf6 2.c4 g6 3.Nc3 d5 4.cxd5 Nxd5 5.e4 Nxc3 6.bxc3 Bg7 7.Bc4 O-O 8.Ne2
c5 9.O-O Nc6 10.Be3 Na5 11.Bd3 c4 12.Bc2 b6 13.Qd2 Re8 14.Bh6 Bh8 15.f4 e6
16.Rf3 f5 17.Rg3 Qf6 18.Ba4 Bb7 19.Bxe8 Rxe8 20.e5 Qd8 21.Qe3 Nc6 22.Rg5 
Ne7 23.h4 Kf7 24.h5 Ng8 25.hxg6+ hxg6 26.Qh3 Ne7 27.Kf2 Rg8 28.Rh1 Qd7 29.
Rg3 Bg7 30.Bxg7 Rxg7 31.Qh8 Qe8 32.Qxe8+ Kxe8 33.Rh8+ Kd7 34.Rh6 Be4 35.
Ke1 Bd3 36.Nc1 Be4 37.Kd2 Ke8 38.Rg5 Kf7 39.Rh4 Nd5 40.Ne2 Bd3 41.Ng3 Kg8 
42.Nh1 b5 43.Nf2 Bb1 44.a3 a5 45.Rg3 b4 46.cxb4 axb4 47.axb4 Nxb4 48.Ra3 
Rd7 49.Ra8+ Kg7 50.Rah8 c3+ 51.Ke2 g5 52.R4h7+ Kg6 53.Rxd7 Nd5 54.Rg8+ Kh6
55.fxg5+ 1-0

[Event "30. Augsburger Friedensfest-Open"]
[Site "Augsburg"]
[Date "2025.08.07"]
[Round "1.47"]
[White "Pieczka, Kevin"]
[Black "Schreck, Alexander"]
[Result "1/2-1/2"]
[WhiteElo "1725"]
[BlackElo "1869"]
[EventDate "2025.08.07"]
[Time "09:30:00"]
[WhiteNrv "1725"]
[BlackNrv "1869"]
[WhiteTwz "1725"]
[BlackTwz "1869"]
[WhiteFideId "12968072"]
[BlackFideId "1271739"]
[WhiteNatFedId "10272131"]
[BlackNatFedId "10198594"]
[WhiteAttr "M"]
[BlackAttr "M"]
[WhiteTeam "SV Jedesheim 1921"]
[BlackTeam "Godesberger SK 1929 e. V"]

1.e4 c5 2.Nf3 d6 3.Bb5+ Bd7 4.Bxd7+ Nxd7 5.O-O Ngf6 6.Re1 e6 7.c3 Be7 8.d4
O-O 9.h3 b5 10.Bf4 cxd4 11.cxd4 Qb6 12.Nc3 b4 13.Na4 Qb7 14.Qd3 h6 15.Rad1
Rac8 16.d5 1/2-1/2

[Event "30. Augsburger Friedensfest-Open"]
[Site "Augsburg"]
[Date "2025.08.07"]
[Round "1.48"]
[White "Heilig, Tim Markus"]
[Black "Lohr, Alexander"]
[Result "1-0"]
[WhiteElo "1868"]
[BlackElo "1692"]
[EventDate "2025.08.07"]
[Time "09:30:00"]
[WhiteNrv "1868"]
[BlackNrv "1692"]
[WhiteTwz "1868"]
[BlackTwz "1692"]
[WhiteFideId "16295935"]
[BlackFideId "16297865"]
[WhiteNatFedId "10692999"]
[BlackNatFedId "10578753"]
[WhiteAttr "M"]
[BlackAttr "M"]
[WhiteTeam "SF 1876 Goeppingen"]
[BlackTeam "FC Ergolding 1932 e.V."]

1.d4 Nf6 2.Nc3 d5 3.Bf4 e6 4.Nb5 Bb4+ 5.c3 Ba5 6.a4 a6 7.b4 axb5 8.axb5 c6
9.bxa5 cxb5 10.e3 Nc6 11.Bxb5 Rxa5 12.Bd3 O-O 13.Nf3 Bd7 14.O-O Qa8 15.Qb1
Rc8 16.Qb2 Qa7 17.Rxa5 Nxa5 18.Ra1 h6 19.h3 Be8 20.Qb4 b6 21.Ne5 Qc7 22.
Ng6 Qxc3 23.Qf8+ 1-0

[Event "30. Augsburger Friedensfest-Open"]
[Site "Augsburg"]
[Date "2025.08.07"]
[Round "1.49"]
[White "Turba, Vincent"]
[Black "Wang, Simon"]
[Result "0-1"]
[WhiteElo "1668"]
[BlackElo "1865"]
[EventDate "2025.08.07"]
[Time "09:30:00"]
[WhiteNrv "1668"]
[BlackNrv "1865"]
[WhiteTwz "1668"]
[BlackTwz "1865"]
[WhiteFideId "34612998"]
[BlackFideId "34605398"]
[WhiteNatFedId "10740126"]
[BlackNatFedId "10739430"]
[WhiteAttr "M"]
[BlackAttr "M"]
[WhiteTeam "SK 1926 Noerdlingen-Ries"]
[BlackTeam "SF Dachau 1932 e.V."]

1.c4 c6 2.g3 d5 3.Nf3 Nf6 4.b3 Bf5 5.Bg2 e6 6.O-O Be7 7.Ba3 O-O 8.d3 c5 9.
cxd5 exd5 10.Nbd2 Nc6 11.Re1 Qd7 12.Rc1 b6 13.Bb2 Bh3 14.Bh1 Rad8 15.Ne5 
Nxe5 16.Bxe5 d4 17.b4 Ng4 18.Nf3 g5 19.bxc5 bxc5 20.Qb3 Rfe8 21.Bg2 Bxg2 
22.Kxg2 Bf8 23.Bxd4 cxd4 24.Rc4 Qf5 25.h3 Ne5 26.Nxd4 Qf6 27.Ra4 Bc5 28.e3
Bxd4 29.Rxd4 Nc6 30.Rxd8 Rxd8 31.d4 Qd6 32.Qa4 Qb4 33.Qxc6 Qxe1 34.Qf6 Qa5
35.e4 Re8 36.d5 Qd8 37.Qf5 Qe7 38.f3 Qe5 39.Qd7 Rb8 40.h4 gxh4 41.gxh4 
Rb2+ 42.Kf1 Rb1+ 43.Kg2 Qb2+ 44.Kg3 Rg1+ 45.Kf4 Qf6+ 46.Ke3 Qc3+ 47.Kf4 
Qc5 48.Kf5 Kg7 49.Qe8 Qd6 50.e5 Qxd5 51.Kf4 Qd4+ 52.Kf5 Rg3 53.Qc6 Rg6 54.
Qc2 Qxh4 55.f4 Qg4+ 56.Ke4 Qg2+ 0-1

[Event "30. Augsburger Friedensfest-Open"]
[Site "Augsburg"]
[Date "2025.08.07"]
[Round "1.50"]
[White "Schrimpf, Michael"]
[Black "Rybakov, Oleksiy"]
[Result "1-0"]
[WhiteElo "1863"]
[BlackElo "1637"]
[EventDate "2025.08.07"]
[Time "09:30:00"]
[WhiteNrv "1863"]
[BlackNrv "1637"]
[WhiteTwz "1863"]
[BlackTwz "1637"]
[WhiteFideId "1676237"]
[BlackFideId "533018120"]
[WhiteNatFedId "10841479"]
[BlackNatFedId "10879819"]
[WhiteAttr "M"]
[BlackAttr "*"]
[WhiteTeam "SF Augsburg"]
[BlackTeam "SC Noris-Tarrasch Nuernberg 1873"]

1.e4 e5 2.Nf3 Nc6 3.Bc4 Nf6 4.Ng5 d5 5.exd5 b5 6.Bf1 Nxd5 7.Bxb5 Bb7 8.Qf3
Qxg5 9.Qxd5 Qf6 10.d3 Qd6 11.Qxd6 cxd6 12.Nc3 O-O-O 13.O-O Nd4 14.Ba4 d5 
15.Re1 f6 16.Ne2 Bc5 17.Be3 Nxe2+ 18.Rxe2 d4 19.Bd2 h5 20.f4 Bd6 21.Rf1 
Bd5 22.fxe5 Bxe5 23.Bf4 Bxf4 24.Rxf4 Bf7 25.Re7 Be8 26.Rxa7 Kb8 27.Ra5 
Bxa4 28.Rxa4 Rc8 29.Rb4+ Ka7 30.Rc4 Rhd8 31.Kf2 Kb6 32.Ke2 Re8+ 33.Kd2 Re3
34.Rxc8 1-0

[Event "30. Augsburger Friedensfest-Open"]
[Site "Augsburg"]
[Date "2025.08.07"]
[Round "2.1"]
[White "Poetsch, Hagen"]
[Black "Bossinger, Patrick"]
[Result "1/2-1/2"]
[WhiteElo "2479"]
[BlackElo "2085"]
[EventDate "2025.08.07"]
[Time "15:30:00"]
[WhiteNrv "2479"]
[BlackNrv "2085"]
[WhiteTwz "2479"]
[BlackTwz "2085"]
[WhiteTitle "GM"]
[WhiteFideId "24615137"]
[BlackFideId "16219759"]
[WhiteNatFedId "10165992"]
[BlackNatFedId "10266033"]
[WhiteAttr "M"]
[BlackAttr "M"]
[WhiteTeam "SC Heusenstamm"]
[BlackTeam "SV Jedesheim 1921"]

1.e4 c5 2.Nf3 Nc6 3.Bb5 g6 4.c3 Nf6 5.e5 Nd5 6.O-O Bg7 7.d4 cxd4 8.cxd4 
O-O 9.Nc3 Nxc3 10.bxc3 d5 11.Ba3 Bg4 12.h3 Bxf3 13.Qxf3 Na5 14.Qg3 a6 15.
Be2 Re8 16.e6 fxe6 17.f4 Rf8 18.Qe3 Qd7 19.Rae1 Kh8 20.Bc1 Rac8 21.h4 Qc6 
22.Bd2 b5 23.h5 gxh5 24.Bd3 Rf6 25.Qh3 Nc4 26.Bxc4 dxc4 27.Re5 Rf5 28.Rxf5
exf5 29.Qxf5 e6 30.Qxh5 b4 31.Rb1 Rg8 32.Qe2 a5 33.Kf1 bxc3 34.Bxc3 Rf8 
35.Qe3 Qd5 36.Rb6 Qf5 37.Rxe6 Qb1+ 38.Kf2 Qxa2+ 39.Kf3 Qa4 40.Re7 Qd1+ 41.
Kg3 Rg8 42.Re8 Bf8+ 43.Kf2 Qc2+ 44.Bd2 a4 45.Qe5+ Bg7 46.Rxg8+ Kxg8 47.
Qd5+ Kf8 48.Qd8+ Kf7 49.Qd5+ 1/2-1/2

[Event "30. Augsburger Friedensfest-Open"]
[Site "Augsburg"]
[Date "2025.08.07"]
[Round "2.2"]
[White "Isbilir, Levin"]
[Black "Arun Kataria"]
[Result "1/2-1/2"]
[WhiteElo "2073"]
[BlackElo "2308"]
[EventDate "2025.08.07"]
[Time "15:30:00"]
[WhiteNrv "2073"]
[BlackNrv "2308"]
[WhiteTwz "2073"]
[BlackTwz "2308"]
[BlackTitle "FM"]
[WhiteFideId "16267192"]
[BlackFideId "46630368"]
[WhiteNatFedId "10593582"]
[WhiteAttr "M"]
[BlackAttr "M"]
[WhiteTeam "SC Erlangen 48/88"]
[BlackTeam "?"]

1.e4 c5 2.Nf3 d6 3.Bb5+ Nd7 4.Ba4 Nf6 5.O-O g6 6.Re1 Bg7 7.c3 O-O 8.d4 e5 
9.dxe5 dxe5 10.Bb3 Qc7 11.a4 b6 12.Na3 a6 13.Bg5 Bb7 14.Nd2 h6 15.Bh4 Bc6 
16.Bc4 Qb7 17.f3 b5 18.axb5 axb5 19.Bf1 Rfd8 20.Bf2 Bf8 21.c4 b4 22.Nc2 h5
23.Qe2 b3 24.Na3 Qb4 25.Ndb1 Ra7 26.Nc3 Rda8 27.Nd5 Bxd5 28.exd5 Ne8 29.
Red1 Nd6 30.Be1 Qb6 31.Qf2 Nf5 32.Bc3 Nd4 33.Bd3 f5 34.Rf1 Qf6 35.Rae1 Nb6
36.g4 Na4 37.Bxd4 cxd4 38.Nb5 Nc5 39.Bb1 Ra4 40.gxf5 gxf5 41.f4 e4 42.Qxd4
Qxd4+ 43.Nxd4 Bg7 44.Nxf5 Bxb2 45.Nd6 Bd4+ 46.Kh1 Ra1 47.Nxe4 Rxb1 48.Rxb1
Nxe4 49.Rxb3 Ra2 50.d6 Nxd6 51.Rd1 Nf5 52.Rb5 Ne3 53.Rg5+ Bg7 1/2-1/2

[Event "30. Augsburger Friedensfest-Open"]
[Site "Augsburg"]
[Date "2025.08.07"]
[Round "2.3"]
[White "Brand, Leonhard"]
[Black "Duong, Quang Bach"]
[Result "1/2-1/2"]
[WhiteElo "2052"]
[BlackElo "2234"]
[EventDate "2025.08.07"]
[Time "15:30:00"]
[WhiteNrv "2052"]
[BlackNrv "2234"]
[WhiteTwz "2052"]
[BlackTwz "2234"]
[WhiteFideId "34649646"]
[BlackFideId "16287045"]
[WhiteNatFedId "10655780"]
[BlackNatFedId "10626174"]
[WhiteAttr "M"]
[BlackAttr "M"]
[WhiteTeam "SK Freising"]
[BlackTeam "SF Augsburg"]

1.e4 c5 2.c3 Nf6 3.e5 Nd5 4.d4 cxd4 5.Nf3 Nc6 6.Bc4 Nb6 7.Bb3 d6 8.exd6 
Qxd6 9.O-O Be6 10.Nxd4 Nxd4 11.cxd4 Bxb3 12.Qxb3 e6 13.Nc3 Be7 14.d5 Nxd5 
15.Rd1 Rd8 16.Qxb7 O-O 17.Nxd5 exd5 18.Be3 Rd7 19.Qb3 Rb8 20.Qc3 Bf6 21.
Bd4 Rc7 22.Qd2 g6 23.b3 Rbc8 24.g3 Rc2 25.Qd3 Kg7 26.Rd2 Bxd4 27.Rxc2 Rxc2
28.Qxd4+ Qf6 29.Rd1 Rxa2 30.Qxf6+ Kxf6 31.Rxd5 a5 32.Kg2 Ke6 33.Rb5 Ra3 
34.h4 Kd6 35.Rb7 Ke6 36.Rb5 h5 37.b4 axb4 1/2-1/2

[Event "30. Augsburger Friedensfest-Open"]
[Site "Augsburg"]
[Date "2025.08.07"]
[Round "2.4"]
[White "Niedermeier, Thomas"]
[Black "Blodig, Vincent"]
[Result "0-1"]
[WhiteElo "2227"]
[BlackElo "2054"]
[EventDate "2025.08.07"]
[Time "15:30:00"]
[WhiteNrv "2227"]
[BlackNrv "2054"]
[WhiteTwz "2227"]
[BlackTwz "2054"]
[WhiteTitle "FM"]
[WhiteFideId "4669983"]
[BlackFideId "16297857"]
[WhiteNatFedId "10153852"]
[BlackNatFedId "10680650"]
[WhiteAttr "*"]
[BlackAttr "M"]
[WhiteTeam "SV Ilmmuenster"]
[BlackTeam "SF Augsburg"]

1.e4 e5 2.Nf3 Nc6 3.Bc4 Nf6 4.d3 Be7 5.Bb3 O-O 6.c3 d6 7.Nbd2 Na5 8.Bc2 c5
9.Nf1 Nc6 10.Ng3 Re8 11.O-O h6 12.h3 Qc7 13.Nh2 Nh7 14.Ng4 Bg5 15.Ne3 Be6 
16.Bb3 Bxb3 17.axb3 Nf6 18.Nh5 Nxh5 19.Nd5 Qd8 20.Qxh5 Bxc1 21.Raxc1 Ne7 
22.Ne3 Rf8 23.Ra1 Kh7 24.Qe2 a6 25.Kh1 Qd7 26.f4 exf4 27.Rxf4 d5 28.Raf1 
Ng6 29.Rf5 dxe4 30.dxe4 Rae8 31.Ng4 Qe6 32.Rxc5 f5 33.Nh2 fxe4 34.Re1 Nf4 
0-1

[Event "30. Augsburger Friedensfest-Open"]
[Site "Augsburg"]
[Date "2025.08.07"]
[Round "2.5"]
[White "Dauer, Maximilian"]
[Black "Pogan, Nikolas"]
[Result "0-1"]
[WhiteElo "2035"]
[BlackElo "2190"]
[EventDate "2025.08.07"]
[Time "15:30:00"]
[WhiteNrv "2035"]
[BlackNrv "2190"]
[WhiteTwz "2035"]
[BlackTwz "2190"]
[BlackTitle "FM"]
[WhiteFideId "1270802"]
[BlackFideId "24673579"]
[WhiteNatFedId "10033526"]
[BlackNatFedId "10166052"]
[WhiteAttr "M"]
[BlackAttr "*"]
[WhiteTeam "Spgem Koetz/Ichenhausen"]
[BlackTeam "Heilbronner SV"]

1.d4 d6 2.e4 Nf6 3.Nc3 e5 4.Nf3 Nbd7 5.Be2 Be7 6.h3 c6 7.Be3 O-O 8.g4 Qa5 
9.Qd2 b5 10.g5 b4 11.gxf6 bxc3 12.Qxc3 Qxc3+ 13.bxc3 Bxf6 14.Rb1 Re8 15.
Bd3 d5 16.Nd2 Bh4 17.O-O Bf6 18.Kg2 Nb6 19.dxe5 Bxe5 20.Bd4 Bf4 21.Be3 
Bxe3 22.fxe3 Bd7 23.c4 Re5 24.cxd5 cxd5 25.c4 dxe4 26.Bxe4 Rae8 27.Bf3 Rc8
28.Rbc1 g6 29.Ne4 Kg7 30.Nd6 Rc7 31.Rfd1 Kf8 32.Nb7 Rg5+ 33.Kf2 Bc8 34.c5 
Bxb7 35.cxb6 Rxc1 36.Rxc1 Rf5 37.e4 Bxe4 38.Ke3 Bxf3 39.bxa7 Ra5 40.Kxf3 
Rxa7 41.Rc2 Ra4 42.Rh2 Kg7 43.Ke3 f5 44.Kd3 Kf6 45.Kc3 g5 46.Kb3 Rh4 47.a4
g4 48.Rg2 Rxh3+ 49.Kb4 h5 50.a5 Re3 51.a6 h4 52.a7 Re8 53.Kc5 h3 54.Rb2 
Ra8 55.Kb6 g3 56.Kb7 Rxa7+ 0-1

[Event "30. Augsburger Friedensfest-Open"]
[Site "Augsburg"]
[Date "2025.08.07"]
[Round "2.6"]
[White "Garcia Ramos, Marcos"]
[Black "Roebers, Jan"]
[Result "1-0"]
[WhiteElo "2180"]
[BlackElo "2030"]
[EventDate "2025.08.07"]
[Time "15:30:00"]
[WhiteNrv "2180"]
[BlackNrv "2030"]
[WhiteTwz "2180"]
[BlackTwz "2030"]
[BlackTitle "FM"]
[WhiteFideId "2237601"]
[BlackFideId "1007815"]
[WhiteNatFedId "10282965"]
[WhiteAttr "M"]
[BlackAttr "M"]
[WhiteTeam "SC 1934 Gelnhausen"]
[BlackTeam "?"]

1.e4 c5 2.Nf3 d6 3.d4 cxd4 4.Nxd4 Nf6 5.Nc3 a6 6.Be3 e6 7.f3 b5 8.a4 b4 9.
Na2 e5 10.Nb3 Nc6 11.c3 Rb8 12.cxb4 Nxb4 13.Nxb4 Rxb4 14.Be2 d5 15.O-O d4 
16.Bd2 d3 17.Bxb4 Qb6+ 18.Rf2 dxe2 19.Qc2 Bxb4 20.a5 Qa7 21.Kh1 O-O 22.
Rxe2 Be6 23.Qd3 Nd7 24.Rc2 Nc5 25.Nxc5 Bxc5 26.Rac1 Be3 27.Rd1 h5 28.Rc6 
Ra8 29.b4 Bd4 30.Rdc1 Qb7 31.f4 Qxb4 32.f5 Bd7 33.Rc7 Bb5 34.Qf3 Qf8 35.
Qxh5 Rd8 36.f6 Be3 37.R1c3 g6 38.Qg4 Qb4 39.Rc8 Qb1+ 40.Rc1 Qxc1+ 41.Rxc1 
Bxc1 42.h4 Ba4 43.h5 Bd1 44.Qh3 gxh5 45.Qc3 Bg4 46.Kh2 Bf4+ 47.g3 Rd2+ 48.
Kg1 Rd1+ 49.Kf2 Bd2 50.Qxe5 Be1+ 51.Kg2 Be6 52.Qb8+ Kh7 53.Qf8 1-0

[Event "30. Augsburger Friedensfest-Open"]
[Site "Augsburg"]
[Date "2025.08.07"]
[Round "2.7"]
[White "Bilchinski, Anton"]
[Black "Roebers, Bregje"]
[Result "1-0"]
[WhiteElo "2162"]
[BlackElo "2030"]
[EventDate "2025.08.07"]
[Time "15:30:00"]
[WhiteNrv "2162"]
[BlackNrv "2030"]
[WhiteTwz "2162"]
[BlackTwz "2030"]
[WhiteTitle "FM"]
[WhiteFideId "24615765"]
[BlackFideId "1085174"]
[WhiteNatFedId "10254221"]
[WhiteAttr "M"]
[BlackAttr "W"]
[WhiteTeam "SC Eppingen"]
[BlackTeam "?"]

1.d4 Nf6 2.Nf3 g6 3.g3 Bg7 4.Bg2 O-O 5.O-O d6 6.c4 c5 7.Nc3 Na6 8.b3 Bd7 
9.Bb2 Bc6 10.d5 Bd7 11.Nd2 Nc7 12.a4 b6 13.e4 a6 14.Qc2 b5 15.h3 Nh5 16.
axb5 axb5 17.Ne2 f5 18.f4 bxc4 19.bxc4 fxe4 20.Bxg7 Nxg7 21.Qxe4 Na6 22.g4
Rf7 23.Nf3 Ne8 24.Ng5 Rf6 25.f5 gxf5 26.gxf5 Nec7 27.Ng3 Qf8 28.Rae1 Re8 
29.Qg4 Kh8 30.Be4 h6 31.Nf3 Qg8 32.Qh4 Ref8 33.Kh2 Ne8 34.Bb1 Qf7 35.Nd2 
Ng7 36.Nde4 1-0

[Event "30. Augsburger Friedensfest-Open"]
[Site "Augsburg"]
[Date "2025.08.07"]
[Round "2.8"]
[White "Schork, Stefan"]
[Black "Kelembet, Maksym"]
[Result "1/2-1/2"]
[WhiteElo "2124"]
[BlackElo "1952"]
[EventDate "2025.08.07"]
[Time "15:30:00"]
[WhiteNrv "2124"]
[BlackNrv "1952"]
[WhiteTwz "2124"]
[BlackTwz "1952"]
[WhiteFideId "4667590"]
[BlackFideId "34684735"]
[WhiteNatFedId "10198152"]
[BlackNatFedId "10828571"]
[WhiteAttr "M"]
[BlackAttr "M"]
[WhiteTeam "SC Pforzheim 1906"]
[BlackTeam "SV Jedesheim 1921"]

1.Nf3 Nf6 2.g3 c6 3.c4 g6 4.b3 Bg7 5.Bb2 d6 6.d4 O-O 7.Bg2 Bf5 8.O-O Qc7 
9.Re1 Be4 10.Nbd2 Bxf3 11.Nxf3 d5 12.Ne5 e6 13.f3 Nbd7 14.e4 dxe4 15.Nxd7 
Nxd7 16.Rxe4 c5 17.Re2 cxd4 18.Bxd4 Rfd8 19.Bxg7 Kxg7 20.Qc2 Rac8 21.Rd1 
Nf6 22.Red2 Rxd2 23.Qxd2 Qc5+ 24.Qf2 Qa5 25.h3 Rc7 26.f4 b5 27.cxb5 Qxb5 
28.Kh2 h5 29.Rd8 Qc5 30.Qxc5 Rxc5 31.Rd2 a5 32.Bf3 Rc3 33.Kg2 Kf8 34.g4 
Ke7 35.Re2 hxg4 36.hxg4 Rc5 37.Rd2 Rc3 38.Kf2 Nd7 39.Be4 Nc5 40.Re2 Rh3 
41.Bf3 Nd3+ 42.Ke3 Nb4 43.Kf2 Nd3+ 44.Ke3 Nb4 45.Kf2 1/2-1/2

[Event "30. Augsburger Friedensfest-Open"]
[Site "Augsburg"]
[Date "2025.08.07"]
[Round "2.9"]
[White "Filin, Denys"]
[Black "Foerch, Benedikt"]
[Result "1/2-1/2"]
[WhiteElo "1960"]
[BlackElo "2114"]
[EventDate "2025.08.07"]
[Time "15:30:00"]
[WhiteNrv "1960"]
[BlackNrv "2114"]
[WhiteTwz "1960"]
[BlackTwz "2114"]
[WhiteFideId "14173476"]
[BlackFideId "16228758"]
[WhiteNatFedId "10658679"]
[BlackNatFedId "10052041"]
[WhiteAttr "M"]
[BlackAttr "M"]
[WhiteTeam "SK Kriegshaber"]
[BlackTeam "SK Neuburg"]

1.Nf3 Nf6 2.d4 g6 3.b3 d5 4.g3 Bg7 5.Bb2 O-O 6.Bg2 c5 7.O-O Nc6 8.Qc1 Bd7 
9.dxc5 Qa5 10.c4 Qxc5 11.cxd5 Qxd5 12.Rd1 Qh5 13.Qg5 Qxg5 14.Nxg5 Rfd8 15.
Na3 h6 1/2-1/2